[Event "Moscow op 02nd"]
[Site "Moscow"]
[Date "2006.01.30"]
[Round "2"]
[White "Cherenkov, Andrey"]
[Black "Soudarkina, Zoja"]
[Result "1-0"]
[WhiteElo "2231"]
[BlackElo "1921"]
[PlyCount "39"]
[EventDate "2006.01.29"]
[EventType "swiss"]
[EventRounds "9"]
[EventCountry "RUS"]
[SourceTitle "CBM 110 Extra"]
[Source "ChessBase"]
[SourceDate "2006.03.10"]
[SourceVersion "2"]
[SourceVersionDate "2006.03.10"]
[SourceQuality "1"]

1. e4 e6 2. d4 d5 3. Nc3 Bb4 4. e5 b6 5. a3 Bxc3+ 6. bxc3 Ne7 7. Nf3 Ba6 8. Bd3 Bxd3 9. Qxd3 Nd7 10. 0-0 c5 11. Ng5 h6 12. Qh3 0-0 13. Nf3 cxd4 14. cxd4 Rc8 15. g4 f6 16. Kh1 Rxc2 17. Be3 Ng6 18. g5 fxe5 19. Qxe6+ Kh7 20. Qxd5 1-0

[Event "Voronezh op 8th"]
[Site "Voronezh"]
[Date "2004.06.15"]
[Round "4"]
[White "Kuznetsov, Viktor"]
[Black "Soudarkina, Zoja"]
[Result "1-0"]
[WhiteElo "2232"]
[BlackElo "2124"]
[PlyCount "89"]
[EventDate "2004.06.12"]
[EventType "swiss"]
[EventRounds "9"]
[EventCountry "RUS"]
[SourceTitle "EXT 2005"]
[Source "ChessBase"]
[SourceDate "2004.11.15"]
[SourceVersion "1"]
[SourceVersionDate "2004.11.15"]
[SourceQuality "1"]

1. e4 e5 2. Nf3 Nc6 3. Bc4 Nf6 4. d4 exd4 5. 0-0 Bc5 6. e5 d5 7. Bb5 Nd7 8. Bg5 Ne7 9. Bxd7+ Bxd7 10. Nxd4 0-0 11. c3 c6 12. b4 Bb6 13. Nd2 Re8 14. N2b3 Qc7 15. Bxe7 Rxe7 16. f4 Qc8 17. Kh1 Bg4 18. Qd2 Bf5 19. Nxf5 Qxf5 20. Nd4 Qd7 21. Qd3 a5 22. a3 Rae8 23. h3 Qc7 24. Nf3 h6 25. Rae1 Rd8 26. f5 c5 27. f6 Re6 28. fxg7 axb4 29. axb4 d4 30. bxc5 Bxc5 31. cxd4 Qe7 32. Qc4 Ba7 33. d5 Rg6 34. d6 Qe8 35. Ra1 b5 36. Qd5 Bb8 37. Rab1 b4 38. Rxb4 Bxd6 39. exd6 Rdxd6 40. Qe5 Rg5 41. Qb2 Kh7 42. Rb8 Rd8 43. Rxd8 Qxd8 44. Nd4 Rg6 45. Qf2 1-0